Library Banner

Doyens fo sub-continental music (Record no. 80670)

MARC details
000 -LEADER
fixed length control field 00376nam a22001457a 4500
005 - DATE AND TIME OF LATEST TRANSACTION
control field 20151208091442.0
008 - FIXED-LENGTH DATA ELEMENTS--GENERAL INFORMATION
fixed length control field 151208b xxu||||| |||| 00| 0 eng d
040 ## - CATALOGING SOURCE
Transcribing agency PK-LaUMT
082 ## - DEWEY DECIMAL CLASSIFICATION NUMBER
Classification number MSC 780.92254
Item number RAS-D
100 ## - MAIN ENTRY--PERSONAL NAME
Personal name Rashid Malik
245 ## - TITLE STATEMENT
Title Doyens fo sub-continental music
Statement of responsibility, etc Rashid Malik
260 ## - PUBLICATION, DISTRIBUTION, ETC. (IMPRINT)
Place of publication, distribution, etc Lahore
Name of publisher, distributor, etc Fiction house
Date of publication, distribution, etc 2012
300 ## - PHYSICAL DESCRIPTION
Extent 168 p
942 ## - ADDED ENTRY ELEMENTS (KOHA)
Koha item type Books
Holdings
Withdrawn status Lost status Damaged status Home library Current library Date acquired Full call number Barcode Date last seen Price effective from Koha item type
      UMT Main Campus UMT Main Campus 2015-12-08 MSC 780.92254 RAS-D 95740 2015-12-08 2015-12-08 Books